A bűnmegelőzés szolgálatában. Kérdezett: Szabó Géza

Elmentve itt :
Bibliográfiai részletek
Szerző: MÓCSY T. László
Adatforrás:Meister
Forrásdokumentuma:Korunk. -
12 sz., 1998, 25-30 p.
Nyelv:magyar
Kulcsszavak:kriminológia-interjú
szociálpszichológia-interjú
kriminalisztika & kriminológia
kultúra & szubkultúra
szubkultúra & kultúra
személyiség & b&nözés
b&nözés
kultúra
személyiség
kultúra (szub-)
LEADER 00721nab a2200229 i 4500
001 bibPRO00000870
008 060524s1998 xx hun
040 |a Sz1 
041 |a hun 
100 1 |a MÓCSY T. László 
245 1 2 |a A bűnmegelőzés szolgálatában. Kérdezett: Szabó Géza  |c MÓCSY T. László 
695 |a kriminológia-interjú 
695 |a szociálpszichológia-interjú 
695 |a kriminalisztika & kriminológia 
695 |a kultúra & szubkultúra 
695 |a szubkultúra & kultúra 
695 |a személyiség & b&nözés 
695 |a b&nözés 
695 |a kultúra 
695 |a személyiség 
695 |a kultúra (szub-) 
773 0 |t Korunk. -  |g 12 sz., 1998, 25-30 p.